00374 a2200121 4500001001000000005001700010008004100027245005800068100002400126700002100150700001900171773006200190ART_4718020260410161850.0260409a 10aUna clasificación de los bancos privados argentinos1 aBotargues, Patricia1 aBurdisso, Tamara1 aD'Amato, Laura0 tEconómicag- Año XLI, Nº 2 (oct./dic. 1995)wREV7541